000 01075nam a2200325 i 4500
003 EG-GICUC
005 20260429093841.0
008 260428s1880 fr f||||| 000 0 fre d
040 _aEG-GiCUC
_bfre
_cEG-GiCUC
_dEG-GiCUC
_eRda
041 0 _afre
082 0 4 _221
_a343.7660485
_bLE . S
092 0 4 _221
099 _aLaw1 10 343.7660485 LE . S 1880 1011110 C1
100 1 _aLefebure, Leox
_eAuteur
245 1 3 _aLa Science Pénitentiaire Congres De Stockholm /
_cPar Leox Lefebure, Fernand Desportes.
264 1 _aParis :
_bA. Chaix Et C Imprimeuns-editeurs,
_c1880.
300 _a380 page ;
_c24 cm.
336 _2rda contenu
_a texte
337 _2rda medias
_aOrdinateur
338 _2 transporteur rda
_a Ressource en ligne
546 _aTexte en français
650 1 4 _aDroit pénal
650 1 4 _aSciences pénitentiaires
651 1 _atockholm
_xPrisons
700 1 _aDesportes, Fernand
_eAuteur
700 1 _aCalleux, Philippe
_ePréfacier
856 4 0 _uhttps://fll.law.cu.edu.eg/fulltext/bks/B10-11110.pdf
905 _a164
942 _2ddc
_cBK
_e21
_n0
999 _c73915
_d73915